| 000 | 00574nam a2200193 a 4500 | ||
|---|---|---|---|
| 001 | 13693 | ||
| 003 | CO-ViMGA | ||
| 008 | 141112s2004 ck r 000 u spa d | ||
| 040 |
_aCO-ViMGA _bspa _cCO-ViMGA |
||
| 082 | 0 | 4 | _a628.1 S45d |
| 100 | 1 |
_aSilva G., Luis F. _919992 |
|
| 245 | 1 | 0 | _aDiseño de acueductos y alcantarillados |
| 260 |
_aSantafé de Bogotá : _bUniveersidad Javeriana, _c1970 |
||
| 300 | _a77 : ils | ||
| 650 | 1 | 4 |
_aACUEDUCTOS - COLOMBIA - PROYECTOS _919993 |
| 650 | 1 | 4 |
_aALCANTARILLADO - COLOMBIA _919994 |
| 650 | 1 | 4 | _aINGENIERIA SANITARIA |
| 942 |
_2ddc _cBK |
||
| 999 |
_c24416 _d24416 |
||